Pengantar kesusasteraan Arab klasik

Bibliographic Details
Main Author: Ismail Hamid (Author)
Format: Book
Published: Kuala Lumpur : Utusan Melayu , 1982
Subjects:

MARC

LEADER 00000cam a2200000 7i4500
001 0000008481
005 20021119093000.0
008 021119n
090 0 0 |a PJ7510   |b .I852 
100 0 |a Ismail Hamid ,   |e author 
245 0 0 |a Pengantar kesusasteraan Arab klasik   |c Ismail Hamid 
260 2 |a Kuala Lumpur :   |b Utusan Melayu ,   |c 1982 
300 |a 103 ms. ; ;   |c 21 sm. 
504 |a Bibliografi: ms. 97-103 
650 0 |a Arabic literature 
999 |a 1000041441   |b Book   |c OPEN SHELF (30 DAYS)   |e Gong Badak Campus 
999 |a 1000041442   |b Book   |c OPEN SHELF (30 DAYS)   |e Gong Badak Campus 
999 |a 1000041444   |b Book   |c OPEN SHELF (30 DAYS)   |e Gong Badak Campus